<?xml version="1.0" encoding="UTF-8"?>
<record
    xmlns:xsi="http://www.w3.org/2001/XMLSchema-instance"
    xsi:schemaLocation="http://www.loc.gov/MARC21/slim http://www.loc.gov/standards/marcxml/schema/MARC21slim.xsd"
    xmlns="http://www.loc.gov/MARC21/slim">

  <leader>01997    a2200217   4500</leader>
  <controlfield tag="001">29088</controlfield>
  <controlfield tag="005">20260407155600.0</controlfield>
  <controlfield tag="008">260407a1963    arg                 spa d</controlfield>
  <controlfield tag="003">AR-UNSa-BCEJYS</controlfield>
  <datafield tag="040" ind1=" " ind2=" ">
    <subfield code="a">AR-UNSa-BCEJYS</subfield>
    <subfield code="b">spa</subfield>
    <subfield code="c">AR-UNSa-BCEJYS</subfield>
  </datafield>
  <datafield tag="080" ind1=" " ind2=" ">
    <subfield code="a">657</subfield>
    <subfield code="x">Contabilidad</subfield>
  </datafield>
  <datafield tag="245" ind1="1" ind2="0">
    <subfield code="a">Auditoria</subfield>
    <subfield code="p">principios y procedimientos</subfield>
  </datafield>
  <datafield tag="250" ind1=" " ind2=" ">
    <subfield code="a">2a. ed</subfield>
  </datafield>
  <datafield tag="264" ind1=" " ind2="1">
    <subfield code="a">M&#xE9;xico :</subfield>
    <subfield code="b">Uni&#xF3;n Tipogr&#xE1;fica Editorial Hispano-Americana (UTEHA)</subfield>
    <subfield code="c">1963</subfield>
  </datafield>
  <datafield tag="300" ind1=" " ind2=" ">
    <subfield code="a">2v.(952; 338 p.)</subfield>
    <subfield code="c">23 cm.</subfield>
  </datafield>
  <datafield tag="505" ind1=" " ind2=" ">
    <subfield code="a">Vol. I: Teoria y preguntas y problemas: 1. Concepto moderno de la auditor&#xED;a - 2. Informes.Organizaci&#xF3;n del personal - 3. &#xC9;tica profesional y responsabilidad legal - 4. Auditor&#xED;a interna.Control interno.Fraude - 5. Principio de la auditor&#xED;a - 6. Programas de auditor&#xED;a y papeles de trabajo de auditor&#xED;a - 7. Examen de documentos originales - 8. Examen de documentos originales (conclusiones) - 9. Fondos de caja chica - 10. Efectivo: en caja y bancos; ingresos y egresos - 11. Cuentas por cobrar y p&#xE9;rdidas en los cr&#xE9;ditos - 12. Documentos y aceptaciones por cobrar e ingresos correspondientes - 13. Inventarios y costos de ventas - 14. Inventarios y costos de ventas (conclusi&#xF3;n) - 15. Inversiones y sus ingresos - 16. Gastos pagados por anticipado, cargos diferidos y aplicaci&#xF3;n de gastos - 17. Activo fijo tangible y gastos relacionados - 18. Activo fijo tangible y gastos relacionados (conclusi&#xF3;n) - 19. Activo intangible - 20. Pasivo circulante - 21. Pasivo a largo plazo - 22. Propiedad - 23. Propiedad (conclusi&#xF3;n) - 24. Examen de ingresos y gastos - 25. Examen de ingreso y gastos (conclusi&#xF3;n) - 26. Conclusi&#xF3;n de la auditor&#xED;a.Normas para los estados financieros - 27. Preparaci&#xF3;n de los estados financieros - 28. Informes de auditor&#xED;a - 29. Servicios consultivos de administraci&#xF3;n --  Vol.II: Soluciones a los problemas auditoria practica.</subfield>
  </datafield>
  <datafield tag="942" ind1=" " ind2=" ">
    <subfield code="c">BK</subfield>
  </datafield>
  <datafield tag="590" ind1=" " ind2=" ">
    <subfield code="a">niveau_biblio:m niveau_hierar:0</subfield>
  </datafield>
  <datafield tag="100" ind1="1" ind2=" ">
    <subfield code="a">Holmes, Arthur W.</subfield>
  </datafield>
  <datafield tag="700" ind1="1" ind2=" ">
    <subfield code="a">Contro Malo, Francisco</subfield>
  </datafield>
  <datafield tag="999" ind1=" " ind2=" ">
    <subfield code="c">1799</subfield>
    <subfield code="d">1799</subfield>
  </datafield>
  <datafield tag="952" ind1=" " ind2=" ">
    <subfield code="0">0</subfield>
    <subfield code="1">0</subfield>
    <subfield code="4">0</subfield>
    <subfield code="7">0</subfield>
    <subfield code="a">BCEJYS</subfield>
    <subfield code="b">BCEJYS</subfield>
    <subfield code="c">16</subfield>
    <subfield code="d">2026-04-07</subfield>
    <subfield code="l">0</subfield>
    <subfield code="o">657 B582 v.9 2ed.</subfield>
    <subfield code="p">L22393</subfield>
    <subfield code="r">2026-04-07 15:56:00</subfield>
    <subfield code="w">2026-04-07</subfield>
    <subfield code="y">L</subfield>
  </datafield>
  <datafield tag="952" ind1=" " ind2=" ">
    <subfield code="0">0</subfield>
    <subfield code="1">0</subfield>
    <subfield code="4">0</subfield>
    <subfield code="7">0</subfield>
    <subfield code="a">BCEJYS</subfield>
    <subfield code="b">BCEJYS</subfield>
    <subfield code="c">16</subfield>
    <subfield code="d">2026-04-07</subfield>
    <subfield code="l">0</subfield>
    <subfield code="o">657 B582 v.9 2ed.</subfield>
    <subfield code="p">L22694</subfield>
    <subfield code="r">2026-04-07 15:56:00</subfield>
    <subfield code="w">2026-04-07</subfield>
    <subfield code="y">L</subfield>
  </datafield>
  <datafield tag="952" ind1=" " ind2=" ">
    <subfield code="0">0</subfield>
    <subfield code="1">0</subfield>
    <subfield code="4">0</subfield>
    <subfield code="7">0</subfield>
    <subfield code="a">BCEJYS</subfield>
    <subfield code="b">BCEJYS</subfield>
    <subfield code="c">16</subfield>
    <subfield code="d">2026-04-07</subfield>
    <subfield code="l">0</subfield>
    <subfield code="o">657 B582 v.9 2ed.</subfield>
    <subfield code="p">L22395</subfield>
    <subfield code="r">2026-04-07 15:56:00</subfield>
    <subfield code="w">2026-04-07</subfield>
    <subfield code="y">L</subfield>
  </datafield>
  <datafield tag="952" ind1=" " ind2=" ">
    <subfield code="0">0</subfield>
    <subfield code="1">0</subfield>
    <subfield code="4">0</subfield>
    <subfield code="7">0</subfield>
    <subfield code="a">BCEJYS</subfield>
    <subfield code="b">BCEJYS</subfield>
    <subfield code="c">16</subfield>
    <subfield code="d">2026-04-07</subfield>
    <subfield code="l">0</subfield>
    <subfield code="o">657 B582 v.9 2ed.</subfield>
    <subfield code="p">L22692</subfield>
    <subfield code="r">2026-04-07 15:56:00</subfield>
    <subfield code="w">2026-04-07</subfield>
    <subfield code="y">L</subfield>
  </datafield>
  <datafield tag="952" ind1=" " ind2=" ">
    <subfield code="0">0</subfield>
    <subfield code="1">0</subfield>
    <subfield code="4">0</subfield>
    <subfield code="7">0</subfield>
    <subfield code="a">BCEJYS</subfield>
    <subfield code="b">BCEJYS</subfield>
    <subfield code="c">16</subfield>
    <subfield code="d">2026-04-07</subfield>
    <subfield code="l">0</subfield>
    <subfield code="o">657 B582 v.10 2ed.</subfield>
    <subfield code="p">L21169</subfield>
    <subfield code="r">2026-04-07 15:56:00</subfield>
    <subfield code="w">2026-04-07</subfield>
    <subfield code="y">L</subfield>
  </datafield>
  <datafield tag="952" ind1=" " ind2=" ">
    <subfield code="0">0</subfield>
    <subfield code="1">0</subfield>
    <subfield code="4">0</subfield>
    <subfield code="7">0</subfield>
    <subfield code="a">BCEJYS</subfield>
    <subfield code="b">BCEJYS</subfield>
    <subfield code="c">16</subfield>
    <subfield code="d">2026-04-07</subfield>
    <subfield code="l">0</subfield>
    <subfield code="o">657 B582 v.10 2ed.</subfield>
    <subfield code="p">L22695</subfield>
    <subfield code="r">2026-04-07 15:56:00</subfield>
    <subfield code="w">2026-04-07</subfield>
    <subfield code="y">L</subfield>
  </datafield>
  <datafield tag="952" ind1=" " ind2=" ">
    <subfield code="0">0</subfield>
    <subfield code="1">0</subfield>
    <subfield code="4">0</subfield>
    <subfield code="7">0</subfield>
    <subfield code="a">BCEJYS</subfield>
    <subfield code="b">BCEJYS</subfield>
    <subfield code="c">16</subfield>
    <subfield code="d">2026-04-07</subfield>
    <subfield code="l">0</subfield>
    <subfield code="o">657 B582 v.10 2ed.</subfield>
    <subfield code="p">L22394</subfield>
    <subfield code="r">2026-04-07 15:56:00</subfield>
    <subfield code="w">2026-04-07</subfield>
    <subfield code="y">L</subfield>
  </datafield>
  <datafield tag="952" ind1=" " ind2=" ">
    <subfield code="0">0</subfield>
    <subfield code="1">0</subfield>
    <subfield code="4">0</subfield>
    <subfield code="7">0</subfield>
    <subfield code="a">BCEJYS</subfield>
    <subfield code="b">BCEJYS</subfield>
    <subfield code="c">16</subfield>
    <subfield code="d">2026-04-07</subfield>
    <subfield code="l">0</subfield>
    <subfield code="o">657 B582 v.10 2ed.</subfield>
    <subfield code="p">L22693</subfield>
    <subfield code="r">2026-04-07 15:56:00</subfield>
    <subfield code="w">2026-04-07</subfield>
    <subfield code="y">L</subfield>
  </datafield>
  <datafield tag="952" ind1=" " ind2=" ">
    <subfield code="0">0</subfield>
    <subfield code="1">0</subfield>
    <subfield code="4">0</subfield>
    <subfield code="7">0</subfield>
    <subfield code="a">BCEJYS</subfield>
    <subfield code="b">BCEJYS</subfield>
    <subfield code="c">16</subfield>
    <subfield code="d">2026-04-07</subfield>
    <subfield code="l">0</subfield>
    <subfield code="o">657 B582 v.10 2ed.</subfield>
    <subfield code="p">L22396</subfield>
    <subfield code="r">2026-04-07 15:56:00</subfield>
    <subfield code="w">2026-04-07</subfield>
    <subfield code="y">L</subfield>
  </datafield>
</record>
